Pays modernes qui faisaient partie de l'Empire romain - Statistiques

Statistiques générales
  • Ce quiz a été pris 69 fois
  • Le résultat moyen est 37 sur 42
Statistiques - réponses
Réponse % Correct
France
100%
Maroc
100%
Algérie
99%
Égypte
99%
Allemagne
97%
Espagne
97%
Grèce
97%
Italie
97%
Turquie
97%
Israël
96%
Portugal
96%
Tunisie
96%
Belgique
94%
Bulgarie
93%
Autriche
91%
Vatican
91%
Croatie
90%
Irak
90%
Pays-Bas
90%
Roumanie
90%
Royaume-Uni
90%
Slovénie
90%
Suisse
90%
Albanie
88%
Andorre
88%
Bosnie-Herzégovine
87%
Kosovo
87%
Hongrie
85%
Monténégro
85%
Saint-Marin
85%
Slovaquie
85%
Chypre
84%
Jordanie
84%
Liban
84%
Liechtenstein
82%
Luxembourg
82%
Syrie
82%
Macédoine du Nord
78%
Serbie
78%
Monaco
76%
Arménie
75%
Géorgie
72%
Aucun quiz correspondant
Distribution des résultats
% des personnes avec chaque résultat
Percentile par nombre de réponses
Votre historique - résultats
Vous n’avez pas pris ce quiz